[Event "Dyfed Open"]
[Site "?"]
[Date "2018.02.18"]
[Round "5"]
[White "Williams, A. Howard"]
[Black "Rayner, Francis"]
[Result "1/2-1/2"]
[WhiteElo "2274"]
[BlackElo "2043"]
[Annotator "Rudy"]
[PlyCount "93"]
[EventDate "2018.??.??"]

1. d4 Nf6 2. c4 e6 3. g3 c5 4. d5 exd5 5. cxd5 d6 6. Nc3 g6 7. Bg2 Bg7 8. Nf3
O-O 9. O-O Re8 10. Bf4 (10. Nd2 {main}) 10... Ne4 (10... a6) (10... Na6 {more
frequent}) 11. Nxe4 Rxe4 12. Nd2 {the position appears to be new to both
players} Rb4 (12... Rxf4 {main, looks a promising exchange sacrifice} 13. gxf4
Bxb2 14. Rb1 Bg7 15. e4 {51% Wh} (15. Nc4 {55 % Wh}) (15. Re1 {64% Wh})) 13. a3
(13. b3 {less frequent, 58% for Wh}) 13... Rxf4 {main} (13... Rxb2 14. Nc4 Rb6
15. Nxb6 axb6 16. Ra2 b5 17. Qd2 Na6 (17... Qb6 18. Qe3 Bd7 19. h4 b4 20. Rb1
Qd8 21. Bxd6 Bf5 22. Be7 Qd7 23. Rd1 Bd4 24. Rxd4 cxd4 25. Qe5 b3 26. Rb2 Bc2 {
Kluger-Czerniak, Amsterdam ol 1954,0-1}) 18. Rb1 Nc7 19. e4 Qf8 20. Re1 Ra4 21.
e5 dxe5 22. Bxe5 Bxe5 23. Rxe5 Rd4 24. Qc1 Qd6 25. Re1 Nxd5 26. Re8+ Kg7 27.
Rxc8 Ne7 28. Rxc5 Rd1+ 29. Bf1 Rxc1 30. Rxc1 Nf5 31. Bg2 b6 32. h4 {draw
agreed, Moiseenko-Miroschnichenko, Kharkov Rector Cup Champions 2009, 1/2-1/2})
14. gxf4 Bxb2 15. Ra2 (15. Rb1 {also, 4-1}) 15... Bg7 16. Qb3 {main, 69% for Wh
} (16. e4 {50%}) 16... b6 (16... Na6 {main, 4 wh wins , 2 draws}) (16... Nd7
$11 {Komodo11} 17. a4 Rb8 18. e4 Nf6 19. Nc4 Nh5 20. f5 $11 {Penalver-Ornstein,
SWE ch tm 2012,0-1}) 17. Nc4 $11 {Komodo11} (17. Re1 Ba6 18. a4 Nd7 19. Rc2 Nf6
20. Nc4 Qe7 21. e3 Ng4 22. Rb1 Rd8 23. Qd3 Qh4 24. h3 Nf6 25. Qd1 $11 {
Valderas Viejo-Llorente Alvarez, Wld ch email, ICCF 2016,1/2-1/2}) 17... Ba6
18. a4 (18. Ne5 dxe5 19. d6 Nc6 20. Bxc6 Rc8 21. Bd5 Qd7 22. f5 gxf5 23. Kh1 c4
24. Qf3 Qxd6 25. Rg1 Kh8 26. Rc2 b5 27. e4 fxe4 28. Qxf7 Qf6 29. Qxa7 Qf3+ 30.
Rg2 Qd1+ 31. Rg1 $11 {Komodo11}) 18... Qf6 19. e3 Nd7 20. Rd1 Rd8 21. Bf1 (21.
Na3 Qe7 22. Nb5 Nf6 23. a5 Bxb5 24. Qxb5 Ne4 25. Bxe4 Qxe4 26. axb6 axb6 27.
Qxb6 Bf6 $11 {Komodo11}) 21... Nb8 22. f3 g5 23. fxg5 Qxf3 24. Rf2 $16 Qg4+ 25.
Rg2 Bxc4 26. Bxc4 Qh4 27. Bb5 (27. Rf1) 27... Qe4 (27... Nd7 28. Qc4 Qxc4 29.
Bxc4 Ne5 30. Bb5 $14 {Komodo11}) 28. Rf1 $16 (28. Qc2 $16) 28... Nd7 29. Bxd7 (
29. Rf4 Qe7 30. Qd3 Ne5 31. Qf5 $16 {Komodo11}) 29... Rxd7 30. Rf4 Qe5 $11 31.
h4 Re7 32. Rgf2 a6 (32... Qc3 $11) 33. Kg2 (33. Qxb6 {trades off a weak pawn
for a healthy one} Qxe3 34. Kg2 Re8 35. Qb7 Re7 36. Qc8+ Bf8 37. Qh3 Qxh3+ 38.
Kxh3 Bg7 39. Kg4 $16 {Komodo11}) 33... b5 34. axb5 axb5 35. Qxb5 Qxd5+ $11 36.
R4f3 Rxe3 37. Qb8+ Bf8 38. Kg3 Qe5+ 39. Kg2 Qe4 40. Kg3 $11 Rxf3+ 41. Rxf3 d5
42. Qc8 (42. Qf4 Qe1+ 43. Kg2 Qe2+ 44. Rf2 Qe6 45. Qf5 c4 $11 {Komodo11}) 42...
Kg7 43. Qd7 Qe5+ 44. Kg2 Be7 45. Qf5 Qxf5 46. Rxf5 d4 47. Rd5 $11 (47. Rd5 f6
48. Kf3 (48. gxf6+ Bxf6 49. h5 c4 50. Kf3 c3 51. Ke4 Kh6 52. Rc5 $11) 48...
fxg5 49. hxg5 Kg6 50. Kg4 c4 51. Rxd4 c3 52. Rc4 Bxg5 $11 {Komodo11}) (47. Re5
Kf8 48. Kf3 f6 49. gxf6 Bxf6 50. Rxc5 Bxh4 51. Rh5 Bf6 52. Rxh7 {and Komodo11
considers Wh has a slight edge!}) 1/2-1/2

[Event "Dyfed Open"]
[Site "?"]
[Date "2018.02.18"]
[Round "5"]
[White "Morcom, Huw"]
[Black "Richmond, Jane"]
[Result "0-1"]
[WhiteElo "1913"]
[BlackElo "2097"]
[Annotator "Rudy"]
[PlyCount "136"]
[EventDate "2018.??.??"]

1. e4 e5 2. Nf3 Nc6 3. Be2 g6 (3... Nf6 4. d3 {Morcom-C Fowler, Rd3, 1-0}) 4.
O-O (4. d4 exd4 5. Nxd4 Bg7 6. Be3 Nf6 7. Nc3 O-O 8. O-O d5 9. Nxc6 bxc6 10. e5
Ne8 11. Bd4 f6 {Jobava- Kamsky, RUS ch tm , Loo 2014,1-0}) 4... Bg7 5. Re1 (5.
c3 Nf6 6. d3 {main}) 5... d6 (5... Nge7 6. c3 d5 7. exd5 Qxd5 8. Na3 O-O 9. Bc4
Qd8 10. h3 {Cappello- Dell'Accio,ITA ch Savona 1967,1-0}) 6. c3 Nf6 7. Bf1 Bg4
8. h3 Bd7 9. d4 $14 Qc8 10. Bg5 (10. d5 Ne7 11. c4 {transposes to some kind of
King's Indian, from some thing like a Ruy}) 10... Nh5 11. dxe5 (11. Be3) 11...
dxe5 12. Nbd2 h6 13. Be3 O-O 14. Nc4 $14 Rd8 15. Qc2 (15. Qc1 g5 16. b4 $14 {
Komodo11}) 15... g5 16. Rad1 (16. b4 $16) (16. Bc5 a6 17. Ne3 Be6 18. a4 $16 {
Komodo11}) 16... Nf4 (16... g4 17. hxg4 Bxg4 18. Rxd8+ Qxd8 19. Nh2 Be6 20. b4
Ne7 21. Nf3 Ng6 22. Bd2 $14 {Komodo11}) 17. Bxf4 (17. Bc1 Be6 18. Ne3 a6 19.
Nf5 Rxd1 20. Rxd1 Qf8 21. a4 $16 {Komodo11}) 17... gxf4 {hoping to use the g
file at some point} (17... exf4 18. e5 Be6 19. Bd3 a6 20. a4 $14 {Komodo11})
18. Rd2 (18. b4 a6 19. a4 f6 20. Ncd2 Be6 21. Bc4 Bxc4 22. Nxc4 Qe6 23. Nb2 Ne7
24. a5 $14 {Komodo11}) 18... b5 $11 19. Na3 a6 20. Red1 Be6 21. Rxd8+ Nxd8 22.
c4 b4 23. Nb1 Nc6 (23... c5 24. Rd5 Nb7 25. Nbd2 $11 {Komodo11}) 24. Nbd2 a5
25. Nb3 (25. c5) 25... Qf8 $15 26. Nc1 a4 27. Nd3 Qe7 {the Wh pieces are a
little bit in each others way; the Bl ones more harmoniously placed} 28. b3
axb3 29. axb3 Ra3 30. Rb1 Bc8 (30... f6 31. Qd1 Bf8 32. Nfe1 Qg7 33. Nc2 Ra8
34. Ra1 Rd8 35. Kh2 Kh7 $11 {Komodo11, both sides jockeying for space}) 31. Qd2
Bb7 32. Nc1 (32. c5 $11 {enables the Wh B to breathe}) 32... Ra8 (32... Nd8 33.
Qe1 c5 34. Nd3 Nc6 $17 {Komodo11- at some point Bl will occupy d4}) 33. Bd3 Qc5
34. Bc2 Rd8 35. Nd3 Qa7 36. Qe1 $11 Qa2 37. Rb2 Qa3 38. Rb1 Ra8 39. Nc5 $11 Bc8
(39... Qa7 40. Nxb7 Qxb7 41. Rd1 $11) 40. Na4 {traps the Q} Rxa4 41. bxa4 $16
Bf8 (41... Bxh3 42. a5 Bg4 43. Ra1 Qb2 44. Qb1 Qxb1+ 45. Bxb1 Bf8 46. Ne1 Bc5
47. a6 Be6 48. Nd3 Ba7 49. Ra4 b3 50. Nc1 Nd4 51. Rb4 Bc8 52. Nxb3 Bxa6 53.
Nxd4 Bxd4 54. Rb8+ Kg7 55. Bd3 $16 {Komodo11}) 42. Bb3 Bc5 43. Qd1 $18 Be6 44.
Qc1 (44. Ne1 Nd4 45. Nd3 Ba7 (45... Bd6 46. Nxf4 $18) 46. Nxe5 $18 {Komodo11})
44... Qxc1+ 45. Rxc1 Na5 (45... Kf8 $11 {Komodo11}) 46. Nd2 {the Wh B is still
only a big pawn} Bd4 47. Ba2 Bc3 48. Nb3 Bxc4 49. Nxa5 Bxa2 $11 {but 2Bs are
the equal of R& N, which don't cooperate very well. Plus Bl has a dangerous b
pawn} 50. Kf1 (50. Rd1 Be6 51. Rd8+ {Rs belong behind passed pawns; however
the Bs show their flexibility} Kg7 52. Rb8 Bd7 53. Rb7 Bxa4 54. Rxc7 Bc2 55.
Nc4 Bxe4 56. Nd6 Bd3 57. Rxf7+ Kg6 58. Rb7 e4 $17 {Komodo11}) 50... c5 (50...
Be6 51. f3 Bd7 52. Ke2 Bxa4 {still looks good, even though the Wh K has come up
} 53. Kd3) 51. Ke2 Bd4 $2 {but this allows the a pawn to be a runner & tie Bl
down} (51... f5 52. exf5 Bd5 53. f3 c4 $11 {Komodo11}) 52. f3 (52. Nc4 $18 {
Komodo11} Bb3 53. a5 Ba4 54. a6 Bc6 55. a7 Kf8 56. Nd6 (56. Na5 Ba8 57. Nb3 Bc3
58. Nxc5) (56. Nb6 Bxe4 57. f3 Bb7 58. Nc8 (58. a8=Q+ Bxa8 59. Nxa8 Ke7 60. Nb6
Kd6 61. Kd3 $18 {Wh should be able to conrol the pawn mass, as the remaining B
is static}) 58... e4 59. Nd6 exf3+ 60. gxf3 Bc6 61. Rd1 Bc3 62. Nc4 Bd4 63. Na5
Ba8 64. Nb3 Bf6 65. Nxc5 $18 {Komodo11}) 56... Bc3 57. Rd1 Bd4 58. Nf5 Bxe4 59.
Nxd4 exd4 60. Rc1 d3+ 61. Kd2 Bxg2 62. Rxc5 b3 63. Rb5 Ke7 64. Rxb3 Kf6 65.
Kxd3 Kg5 66. Kd4 Ba8 67. Rb8 Bc6 68. Ke5 Bf3 69. h4+ Kg4 70. Rg8+ Kh3 71. Kxf4
Bd5 72. a8=Q $18 {Komodo11, being ulta careful}) 52... Kf8 53. Nc4 Ke7 {now
the Bl K is able to join in} 54. Kd3 Kd7 55. Nxe5+ (55. Kd2 Bb3 56. Kd3 Kc7 57.
Rc2 $1 {Komodo11} Bxc2+ (57... Bxa4 58. Ra2 Bb5 59. Ra7+ {with some R activity
at last}) 58. Kxc2 Kb7 {and there is no way in for Bl, especially with that
bad B- still bad, even if outside the pawns, because it can't protect the rear
( a useful tip to know against French Bs trying to sneak out)}) 55... Bxe5 56.
Rxc5 {the R is out, but at a cost} Kd6 $19 57. Rb5 b3 58. a5 {looks dangerous
but the Bl K is too near} b2 (58... Kc6 {Komodo11} 59. Rb6+ Kc5 60. Rb7 b2 61.
Kc2 b1=Q+ 62. Rxb1 Bxb1+ 63. Kxb1 Kd4 64. a6 Bb8 65. Kc2 Ke3 $19 {& a K side
massacre}) 59. Kc2 b1=Q+ 60. Rxb1 Bxb1+ 61. Kxb1 Kc5 62. Kc2 Kc4 63. a6 Bd4 64.
Kd2 h5 65. Kc2 Be3 66. Kd1 Kd3 67. Ke1 Bb6 68. Kf1 h4 (68... h4 69. Ke1 Ke3 70.
Kf1 Kd2 {Zugzwang} 71. e5 Ba7 72. g3 fxg3 73. Kg2 Ke3) 0-1

[Event "Dyfed Open"]
[Site "?"]
[Date "2018.02.18"]
[Round "5"]
[White "French, Max"]
[Black "Van Kemenade, Rudy"]
[Result "1-0"]
[WhiteElo "1997"]
[BlackElo "1981"]
[Annotator "Rudy"]
[PlyCount "43"]
[EventDate "2018.??.??"]

1. d4 Nf6 2. c4 e5 3. dxe5 Ng4 4. Nf3 Bc5 5. e3 Nc6 6. Be2 O-O 7. O-O Re8 8.
Nc3 Ncxe5 9. Nxe5 Nxe5 10. b3 a5 11. Ne4 (11. Bb2 Ra6 12. Ne4 Ba7) 11... Bf8 (
11... Ba7) 12. Bb2 Ra6 (12... Nxc4 13. Bxc4 Rxe4 14. Bxf7+ Kh8 15. Qf3 Rh4 16.
g3 Rh6 17. Qf4 Rb6 18. Rac1) 13. f4 Ng4 (13... Ng6 14. Bd3 {83 % for Wh}) 14.
Bxg4 Rxe4 15. Be5 {all part of Wh's preparation ( Bl had no available games of
Wh against the Budapest) Not mentioned in Theory Books} (15. Qd3 {1 Wh win, 3
Bl wins}) 15... Bc5 $2 $146 (15... Rxe3 16. Qd4 (16. Qd2 Bc5 17. Kh1 Rh6 18.
Qxa5 (18. Bd4 $11) 18... Bb6 (18... d6 $19) 19. Qd2 Qh4 $19 {QueenSheba-Arthrud
ueenSheba-Arthrudd9, Online Arena 2015,0-1}) 16... Rg6 (16... Rxe5 17. fxe5 Rh6
18. Rad1 $18) 17. Qxe3 (17. Bh5 Rh6 18. Bxf7+ Kxf7 19. Qxe3 $18 {Komodo11})
17... Rxg4 18. Rae1 b6 19. Qf3 Bc5+ 20. Kh1 d6 21. Bb2 (21. Bc3 $18) 21... h5
22. h3 $18 {yet Olear-Majeric, Gyongos op 2002,0-1}) (15... d6 {Cloud Engines}
16. Bf3 Rxe3 17. Qd2 Rxf3 18. Rxf3 a4 (18... Bf5 19. Rg3 Qd7 20. Bb2 d5 21. Qd4
f6 22. Rd1 Be6 23. cxd5 Bf5 $14 {Komodo11}) 19. Re1 $16 {Devangshu-Castello
Benave, Champion's League ICCF, 2010,1-0}) (15... d5 {pm analysis} 16. Bxc8 (
16. Bf3 Rxe3 17. Bxd5 (17. Qxd5 Qxd5 18. cxd5 Bc5 19. Kh1 $14) (17. Qd4 $2 Rxf3
18. Rxf3 f6 {Baumbach, also pm analysis inthis game}) 17... Qe7 18. Qd2 $1 {
Komodo11} (18. Qd4 Qc5 $11 19. Bxg7 $2 {pm analysis} Rd3 $19 {Komodo11})) 16...
Qxc8 17. Qxd5 Rxe3 (17... Qf5 18. Qxb7 Re6 19. Rad1 Re8 20. Qc6 Rc8 21. Rf3 $18
{Baumbach-Venturino, Ol fin ICCF 1987,1-0}) 18. Kf2 c6 19. Qd4 Rxe5 20. Qxe5 a4
21. Kg1 $18 {Komodo11}) (15... Rg6 16. Qd3 (16. Bf5 Rxe3 (16... Rxe5 17. fxe5
Rh6 18. Qf3 $16) 17. Bxg6 hxg6 18. Qd4 Re2 19. Rf3 b6 20. Qd3 Bc5+ 21. Kh1 Rf2
22. Rxf2 Bxf2 23. Rf1 Bc5 24. f5 $18) 16... Rxe5 17. fxe5 Rxg4 18. Qf5 Rxg2+
19. Kxg2 Qe8 20. Rad1 d6 21. Qf4 $16) 16. Qd5 $18 Bxe3+ (16... Rxe5) (16...
Rxe3 17. Qxc5 d6 {initial plan, fails as Wh is hitting the R} 18. Qxe3 Bxg4 19.
Bxg7 $18) 17. Kh1 Qh4 (17... Rxe5 18. fxe5 Qe7 19. Rad1 $18) 18. Qxe4 Rh6 19.
h3 (19. f5 $18) 19... Bc5 20. Qf3 (20. f5) (20. Bxc7 $1 {Komodo11} Qxg4 21.
Qe8+ Bf8 22. Bd6 Rxh3+ 23. Kg1 $18) 20... Rg6 21. f5 (21. Bxc7) 21... Rh6 22.
Qg3 {Bl is just a R down} (22. f6) 1-0

[Event "Dyfed Open"]
[Site "?"]
[Date "2018.02.18"]
[Round "5"]
[White "Zeidler, Sven P."]
[Black "Waddington, Mike P"]
[Result "1-0"]
[WhiteElo "2165"]
[BlackElo "2086"]
[Annotator "Rudy"]
[PlyCount "105"]
[EventDate "2018.??.??"]

1. e4 c5 2. Nc3 a6 3. f4 b5 4. d4 (4. Nf3) (4. g3 Bb7 5. Bg2 e6 6. Qe2 Nc6 7.
d3 Nd4 8. Qf2 {Zeidler-Sulava, Istanbul ol 2000,1/2-1/2}) (4. d3) 4... cxd4 5.
Qxd4 Nc6 6. Qf2 e6 7. Bd3 d5 $146 {Komodo11} (7... Bb7) (7... d6) 8. exd5 exd5
(8... Nb4 9. Nf3 Nxd3+ 10. cxd3 Nf6 11. dxe6 Bxe6 12. O-O Rc8 $11 {Komodo11})
9. Nf3 Nf6 10. O-O Be7 11. Ne5 Bb7 $11 12. Bd2 O-O 13. Rae1 Nb4 (13... b4 14.
Ne2 Ne4 15. Bxe4 dxe4 16. Be3 Qc7 $11 {Komodo11}) 14. Ne2 Rc8 15. Bc3 Nxa2 (
15... Ne4 $17) 16. Bd4 Nb4 17. Ng3 $14 Ne4 18. Bxe4 dxe4 19. c3 (19. Nf5 $16)
19... Nd3 (19... f6 $17 {Komodo11} 20. cxb4 fxe5 21. Bxe5 Bxb4 22. Rd1 Qe7 $17
{Bl has 2 Bs & a Q side majority, while Wh's K side attacking chances have
diminished}) 20. Nxd3 exd3 21. Nf5 $16 Bf6 22. Bxf6 Qxf6 23. Ne7+ Kh8 24. Nxc8
$16 Rxc8 (24... Bxc8) 25. Re3 $18 Rd8 26. Rd1 h6 27. Rexd3 (27. Rdxd3) 27...
Re8 28. Rd6 (28. Qd4) 28... Qf5 29. Rd8 (29. Rd7 Bc8 30. Rd8) 29... Rxd8 30.
Rxd8+ Kh7 31. h3 Qb1+ 32. Kh2 Be4 33. Rd7 Kg8 34. Rd8+ Kh7 35. Rf8 Bd5 36. Qd4
Be6 37. Qd2 (37. b4) 37... Bc4 38. Ra8 Qg6 39. Qd8 Qe6 40. Qg8+ Kg6 41. Qc8 (
41. Rd8 a5 42. Rd4 Qe7 43. Qa8 a4 44. Qc6+ Kh7 45. Qe4+ $18 {Komodo11}) 41...
Qxc8 42. Rxc8 a5 (42... Kf5 43. Kg3 Ke4 44. Rd8 $18) 43. g4 h5 44. Rc6+ f6 45.
Kg3 hxg4 46. hxg4 a4 47. Rc7 Be2 48. f5+ Kh6 49. Kf4 Bd1 50. Rd7 (50. Rc6)
50... Be2 51. Rd2 g5+ 52. fxg6 Bc4 53. Kf5 1-0

[Event "Dyfed Open"]
[Site "?"]
[Date "2018.02.18"]
[Round "5"]
[White "Whale, Michael"]
[Black "James, David J"]
[Result "0-1"]
[WhiteElo "1743"]
[BlackElo "2119"]
[Annotator "Rudy"]
[PlyCount "35"]
[EventDate "2018.??.??"]

1. e4 c5 2. c3 d5 3. Qf3 {rare} dxe4 4. Qxe4 (4. Bb5+ {Baichurin-Casiliev,
Khanty Mansiysk Governors Cup 2011,0-1} Bd7 5. Bxd7+ Qxd7 6. Qxe4 Nf6 {
transposes to several other lines, though Wh doesn't do all too well in these})
4... Nf6 5. Qc2 {0-6 from this position} Nc6 6. Nf3 {0-20 from this one} Bg4 7.
Be2 e6 (7... e5) 8. d3 Be7 9. Na3 $146 (9. O-O Rc8 10. Bg5 O-O 11. Nbd2 Nd5 12.
Bxe7 Qxe7 $15 {Pinto-Ribeiro, POR ch tm, Torres Vedras 2011,0-1}) (9. Nbd2 O-O
10. O-O Qc7 11. Re1 Rfd8 12. h3 Bh5 13. Nf1 Rac8 14. Be3 Nd5 15. Bg5 $15 {
Thies-Brodie, Canada op , Montreaal 2002,0-1}) 9... O-O 10. Nc4 Qc7 11. g3 Nd5
12. O-O Rad8 $15 13. Ne3 Nxe3 14. Bxe3 Rd7 15. Ng5 Bxe2 16. Qxe2 Qe5 (16...
Bxg5 17. Bxg5 Qe5 $15) 17. Ne4 (17. Nf3) 17... c4 $17 18. d4 $2 0-1

[Event "Dyfed Open"]
[Site "?"]
[Date "2018.02.18"]
[Round "5"]
[White "May, Frank"]
[Black "Brown, Thomas"]
[Result "0-1"]
[WhiteElo "2096"]
[BlackElo "2085"]
[Annotator "Rudy"]
[PlyCount "48"]
[EventDate "2018.??.??"]

1. Nf3 Nf6 2. c4 g6 3. g3 Bg7 4. Bg2 O-O 5. O-O d6 6. d4 Nc6 7. d5 Na5 8. Nfd2
c5 9. Nc3 a6 10. Qc2 Bd7 (10... Rb8) 11. Rb1 b5 12. b3 Rb8 13. Bb2 e5 (13...
Qc7) (13... bxc4) (13... Qc8) 14. Nd1 (14. dxe6) 14... h6 $146 (14... Nh5 {main
}) (14... Bh6 {has been played in similar variations}) 15. f4 {again a
frequent move in related positions in a heavily analyzed line} exf4 16. gxf4 (
16. Rxf4 $11 {Komodo11}) 16... bxc4 17. bxc4 Rxb2 $15 {Komodo11,a positional
sacrifice, to control the bl squares weakened by f4} 18. Rxb2 (18. Qxb2 Ne4 19.
Qc2 Nxd2 20. Qxd2 Nxc4 21. Qc1 Nb6 $15) 18... Ng4 (18... Re8) 19. e3 (19. h3
Bd4+ 20. Kh1 Re8 21. Rb1 Rxe2 22. Qd3 Rxd2 23. Qxd2 Nxc4 24. Qe2 Nce3 25. Nxe3
Nxe3 26. Rf3 Bf5 27. Re1 Nxg2 28. Kxg2 Qh4 $11 {Komodo11. Rs are bad
defenders& the Bs cover key diagonals}) 19... Bf5 20. e4 (20. Qc1 {Wh needs to
return some material} Bxb2 21. Qxb2 Bd3 22. Re1 Nxc4 23. Qc3 Nxd2 24. Qxd3 Qh4
25. Qxd2 Qxh2+ 26. Kf1 Qg3 27. Kg1 Re8 $11 {Komodo11}) 20... Bd4+ $19 21. Kh1 (
21. Nf2 Ne3 22. Qb1 Bd7 23. Re1 Qf6 $19 {Komodo11}) 21... Nxh2 $1 {exposing
the K} 22. exf5 (22. Nf3 Nxf3 23. Bxf3 Bh3 24. Rf2 Qh4 $19 {Komodo11}) 22...
Qh4 {mating} 23. Nf2 Bxf2 24. Rxf2 Nf3+ 0-1

[Event "Dyfed Open"]
[Site "?"]
[Date "2018.02.18"]
[Round "5"]
[White "Young, Alan"]
[Black "Waterfield, John W"]
[Result "0-1"]
[WhiteElo "2036"]
[BlackElo "1919"]
[Annotator "Rudy"]
[PlyCount "54"]
[EventDate "2018.??.??"]

1. e4 g6 2. d4 Bg7 3. Nc3 c5 {The Sniper; a move order designed to avoid
Alan's usual 2.c3 against the Sicilian (Rudy)} (3... c6 4. Nf3 d5 5. h3 dxe4 6.
Nxe4 Bf5 7. Bd3 Nd7 {Young-Summers, WLS ch 2010,1/2-1/2}) 4. dxc5 (4. Nf3 cxd4
{Sicilian Dragon , or Bl can be adventurous with} (4... Qa5 {the Pterodactyl-
Keene & Day})) (4. d5 Bxc3+ {can still be played, though 90% for Wh} (4... d6
5. f4 Nf6 6. Nf3 O-O 7. Be2 e6 {Kett-Waterfield, WLS ch 2016,1-0})) (4. Be3 Qa5
(4... cxd4)) 4... Bxc3+ {The Sniper Sacrifice- a move championed in Storey-
The Sniper 2011 ( also found in a related form in a Benoni where Wh has played
c4 in response to g6 in a d4 opening.} (4... Qa5 {main} 5. Bd2 Qxc5 6. Nf3 Nf6
7. Be2 d6 8. O-O O-O 9. h3 Nc6 10. Be3 Qb4 11. a3 Qa5 12. Qd2 a6 {Young-Thomas,
K, WCPL 2007,1/2-1/2}) 5. bxc3 Qa5 (5... Nc6 {less popular, prevents Qd4, but
difficult to get this N to its best square c5- Storey}) 6. Bd2 (6. Qd4 {main}
Nf6 7. Qb4 Qc7 {main} (7... Nc6 8. Qxa5 Nxa5 9. Bd3 O-O 10. Ne2 b6 {Storey
2011:54, as played in Desmarais-Fang, Chelsford 2001,0-1}) 8. Nf3 Nc6 9. Qa4
Ne5 10. Qd4) 6... Qxc5 7. Nf3 (7. Bd3 Nf6 8. Ne2 O-O 9. O-O d6 10. Kh1 Nbd7 11.
f4 Qh5 12. Qe1 Nc5 13. Ng3 Qh6 14. f5 {Farkas-Waterfield,4NCL 2013,1-0}) 7...
d6 8. Bd3 Nf6 9. O-O O-O 10. Rb1 (10. Qe2 Nc6 11. h3 Nd7 12. Kh1 Nde5 13. Nxe5
Nxe5 14. f4 Nxd3 15. cxd3 f5 {Das-Joshi, Mumbai Mayor's Cup 2009,1/2-1/2}) (10.
Re1 Bg4 11. h3 Bxf3 12. Qxf3 Nc6 13. Rab1 Rab8 14. Rb5 Ne5 15. Qe2 Qc6 16. Rb3
Rfc8 {Birk-Alvir, Steyr Landesliga , 2012, 0-1}) 10... b6 (10... Qc7 11. Nd4
Nc6 12. f4 d5 13. exd5 Nxd5 14. Qf3 Rd8 15. f5 Ne5 16. Qg3 Nxd3 17. Qxd3 Nf6 {
Zumsande-Hobber, Reykjavik op 2012, 1/2-1/2}) 11. Qe2 Bg4 12. h3 (12. e5 dxe5
13. Qxe5 Nbd7 14. Qg3 Bxf3 15. Qxf3 Ne5 16. Qe2 Nc6 $11 {Komodo11}) 12... Bxf3
13. Qxf3 Nbd7 14. Qg3 Rac8 15. c4 {wanting to release the QB for a Kingside
asault} (15. a4 $11) 15... Ne5 $15 16. Kh1 Nxc4 $17 17. Bg5 Nh5 (17... Ne5) 18.
Qh4 f6 19. Bh6 Rf7 (19... Ng7) 20. f4 Nd2 $19 21. Rb5 (21. f5 Nxf1 22. Rxf1 Ng7
$19 {Komodo11}) 21... Qe3 22. Rxh5 Nxf1 (22... gxh5 23. Re1 Qc5 24. e5 $18 {
Komodo11}) 23. Qg4 (23. f5 Ng3+ 24. Kh2 Qe1 25. Qxg3 Qxg3+ 26. Kxg3 gxh5 $19 {
Komodo11}) 23... f5 24. exf5 (24. Rxf5 Qg3) 24... Qg3 {with a mate threat} 25.
Qxg3 (25. Kg1 Qxg4 26. hxg4 gxh5 27. Kxf1 hxg4 $19) 25... Nxg3+ 26. Kh2 Nxf5 (
26... Nxh5 27. fxg6 hxg6 28. Bxg6 Rf6 29. f5 Rxc2 {Komodo11}) 27. Bxf5 Rxf5 0-1